Le Botswana pour les touristes... - Statistiques

Statistiques générales
  • Ce quiz a été pris 3 fois
  • Le résultat moyen est 5 sur 20
Statistiques - réponses
Question Indice Réponses % Correct
Quelles sont les langues officielles ? Anglais
100%
Achats à faire 4/ Oeufs d' autruche
67%
Quel pays a accordé son indépendance à celui-ci ? Royaume-Uni
67%
Dans la capitale quel est le décalage horaire avec Paris ? (+ ou - et chiffre) ex - 10 0
33%
Code sur les plaques minéralogiques BW
33%
Le suffixe internet est bw
33%
Achats à faire 2/ Objets en cuir
33%
Quelles sont les principaux lieux touristiques ? K Désert de {Kalahari}
33%
Le principal aéroport est Gaborone
33%
Ce pays est plus grand que la France (oui/non) Oui
33%
Quel est le régime du pays ? République
33%
Quels est le climat local ? A Semi-{aride}
33%
La religion majoritaire est Christianisme
0%
Quelles sont les principaux lieux touristiques ? O Delta de l'{Okavango}
0%
Quelles sont les principaux lieux touristiques ? M {Maun}
0%
Achats à faire 5/ Piano à pouces
0%
Quelle est la monnaie ? Pufa
0%
Achats à faire 3/ Bijoux San
0%
Quelles sont les langues officielles ? T Tswana
0%
Achats à faire 1/ Articles tressés en vannerie
0%
Aucun quiz correspondant
Distribution des résultats
% des personnes avec chaque résultat
Percentile par nombre de réponses
Votre historique - résultats
Vous n’avez pas pris ce quiz